000 00705aam a2200277 i 4500
001 768714001
003 CO-MdFUSB
005 20250430090515.0
007 ta
008 250430t1965 ag |||| |||| 00| 0 spa d
040 _cCO-MdFUSB
041 0 _aspa
082 0 4 _223
_a239
_bS715v
100 1 _aSosa, Adam F.
_eautor
245 1 0 _aVivir sin religión
_c/ Adam F. Sosa
264 1 _bMethopress,
_aBuenos Aires, Argentina :
_c[1965]
264 4 _c©1965
300 _a83 páginas
336 _atexto
_btxt
_2rdacontent
337 _2rdamedia
_asin mediación
_bn
338 _2rdacarrier
_avolumen
_bnc
563 _aRústico
650 7 _aApologética
_9187
942 _cBK
945 _aJTF-925
999 _c35268
_d35268